LEADER 01470nam--2200433---450- 001 990002190820203316 005 20100607114006.0 035 $a000219082 035 $aUSA01000219082 035 $a(ALEPH)000219082USA01 035 $a000219082 100 $a20041119d1984----km-y0itay0103----ba 101 0 $aita 102 $aIT 105 $aa|||||||001yy 200 1 $a<> tempio del gusto$ele arti decorative in Italia fra classicismo e barocco$eRoma e il Regno delle due Sicilie$fAlvar Gonzalez-Palacios 210 $aMilano$cLonganesi$d1984 215 $a2 v.$d29 cm 225 2 $a<> marmi 327 1 $a<1.>: Testo e tavole a colori. - 422 p., LXI p. di tav. : ill.; <2.>: Illustrazioni. - 284 p 410 0$12001$a<> marmi 454 1$12001 461 1$1001-------$12001 606 0 $aArte decorativa$yRoma$zSec. 17.-19. 606 0 $aArte decorativa$yNapoli$zSec. 17.-19. 676 $a745 700 1$aGONZALES-PALACIOS,$bAlvar$0384460 801 0$aIT$bsalbc$gISBD 912 $a990002190820203316 951 $aXII.2.B. 1536/1 (Coll. AWX 126/I)$b17845 E.C.$cXII.2.B. 951 $aXII.2.B. 1536/2 (Coll. AWX 126/II)$b17846 E.C.$cXII.2.B. 959 $aBK 969 $aUMA 979 $aSIAV4$b10$c20041119$lUSA01$h1059 979 $aCAPRIOLO$b90$c20100423$lUSA01$h1515 979 $aCAPRIOLO$b90$c20100423$lUSA01$h1517 979 $aCAPRI$b90$c20100607$lUSA01$h1140 996 $aTempio del gusto$9470479 997 $aUNISA LEADER 01863nas 2200601-a 450 001 996197569403316 005 20231101180338.0 011 $a1466-8238 035 $a(CKB)110975506072241 035 $a(CONSER)---00242275- 035 $a(OCoLC)51300804 035 $a(EXLCZ)99110975506072241 100 $a20001025a19999999 s-- - 101 0 $aeng 135 $aurmn||||||||| 181 $ctxt$2rdacontent 182 $cc$2rdamedia 183 $acr$2rdacarrier 200 10$aGlobal ecology & biogeography 210 $a[Oxford, England] $cBlackwell Science$d1999- 300 $aRefereed/Peer-reviewed 300 $aTitle from contents screen (Blackwell, viewed Jan. 22, 2004). 311 $a1466-822X 517 3 $aGlobal ecology and biogeography 531 $aGLOBAL ECOL BIOGEOGR 531 $aGLOB. ECOL. BIOGEOGR 606 $aEcology$vPeriodicals 606 $aBiogeography$vPeriodicals 606 $aBiodiversity$vPeriodicals 606 $aMacroevolution$vPeriodicals 606 $aEcology$2ebps 606 $aBiogeography$2ebps 606 $aBiodiversity$2fast$3(OCoLC)fst01429860 606 $aBiogeography$2fast$3(OCoLC)fst00832095 606 $aEcology$2fast$3(OCoLC)fst00901476 606 $aMacroevolution$2fast$3(OCoLC)fst01005237 608 $aPeriodicals.$2fast 608 $aPériodique électronique (Descripteur de forme)$2rasuqam 608 $aRessource Internet (Descripteur de forme)$2rasuqam 615 0$aEcology 615 0$aBiogeography 615 0$aBiodiversity 615 0$aMacroevolution 615 7$aEcology. 615 7$aBiogeography. 615 7$aBiodiversity. 615 7$aBiogeography. 615 7$aEcology. 615 7$aMacroevolution. 906 $aJOURNAL 912 $a996197569403316 996 $aGlobal ecology & biogeography$92004855 997 $aUNISA